Southville International School and Colleges
Your cart is empty.
  • Cart
  • Lists
    Public lists Eva Luna New books Lux_list list_1
    Your lists Log in to create your own lists
  • Log in to your account
  • Your cookies
  • Search history
Southville International School and Colleges
  • Advanced search
  • Recent comments
  • Most popular
  • Libraries

Log in to your account

Log in with GOOGLE


If you do not have an external account, but do have a local account, you can still log in:

  1. Home
  2. MARC view: Developing writing skills, level D /
Normal view MARC view ISBD view

Developing writing skills, level D / (Record no. 110349)

[ view plain ]
MARC details
000 -LEADER
fixed length control field 00589nam a2200181 a 4500
001 - CONTROL NUMBER
control field 3768
005 - DATE AND TIME OF LATEST TRANSACTION
control field 20140414131854.0
008 - FIXED-LENGTH DATA ELEMENTS--GENERAL INFORMATION
fixed length control field 061012s19uu xx 00 eng d
020 ## - INTERNATIONAL STANDARD BOOK NUMBER
International Standard Book Number 0-669-02658-1
050 ## - LIBRARY OF CONGRESS CALL NUMBER
Classification number TR 808
Item number P121 1981
100 ## - MAIN ENTRY--PERSONAL NAME
Personal name Packard, Charles
245 ## - TITLE STATEMENT
Title Developing writing skills, level D /
Statement of responsibility, etc by Charles Packard ; illustrations by Dorothea Sierra and Bill Morrison.
260 ## - PUBLICATION, DISTRIBUTION, ETC. (IMPRINT)
Place of publication, distribution, etc Lexington, Massachusetts :
Name of publisher, distributor, etc D.C. Heath,
Date of publication, distribution, etc 1981.
300 ## - PHYSICAL DESCRIPTION
Extent 126 p. ; ill. ; cm.
440 ## - SERIES STATEMENT/ADDED ENTRY--TITLE
Title Heath Composition Series
650 ## - SUBJECT ADDED ENTRY--TOPICAL TERM
Topical term or geographic name as entry element Writing
General subdivision Juvenile literature
Holdings
Withdrawn status Lost status Damaged status Use restrictions Home library Current library Shelving location Date acquired Source of acquisition Total Checkouts Full call number Barcode Date last seen Price effective from Koha item type
        Munich Library Munich Library Teachers Reference Section 10/12/2006     TR 808 P121 1981 M0734 04/14/2014 04/14/2014 Books

Developing writing skills, level D /

APA

Packard C., . (1981). Developing writing skills, level D. Lexington, Massachusetts: D.C. Heath.

Chicago

Packard Charles, . 1981. Developing writing skills, level D. Lexington, Massachusetts: D.C. Heath.

Harvard

Packard C., . (1981). Developing writing skills, level D. Lexington, Massachusetts: D.C. Heath.

MLA

Packard Charles, . Developing writing skills, level D. Lexington, Massachusetts: D.C. Heath. 1981.

  • Place hold
  • Print
  • Cite
  • Add to your cart (remove)
  • Save record
    BIBTEX Dublin Core MARCXML MARC (non-Unicode/MARC-8) MARC (Unicode/UTF-8) MARC (Unicode/UTF-8, Standard) MODS (XML) RIS
  • More searches
    Search for this title in:
    Other Libraries (WorldCat) Other Databases (Google Scholar) Online Stores (Bookfinder.com) Open Library (openlibrary.org)

Exporting to Dublin Core...

SOUTHVILLE LIBRARY

Southville International School and Colleges Library

1281 Tropical Ave. Cor. Luxembourg St., BF Homes International, Las Pinas City

Tel. No. 8256374 / 252358 Loc. 117/146

Powered by Koha